{"text_format":"3","workbook":"xlsx","n_sheets":1,"sheets":["Sheet1"],"read":"whole","date_system":"1900"}

{"sheet":"Sheet1","index":0,"n_rows":28,"n_cols":8,"rows_kept":28,"merged":[[0,0,0,7],[1,0,1,7],[23,5,23,6],[24,5,24,6],[25,5,25,6],[26,5,26,6],[27,0,27,7]]}
["控制价清单"]
["项 目名称：石棉县草科乡农村生活污水处理设施恢复重建项目等十个工程打捆项目、石棉县美罗镇卫生院灾后恢复重建项目"]
["序号","材料名称","送货地址","单位","预估数量","控制价单价 ( 元/m³)","控制价总价小计 ( 元/m³ )","备注"]
[1,"机制砂","新棉","m³",600,176,105600]
[2,"机制砂","安顺场","m³",600,176,105600]
[3,"机制砂","蟹螺","m³",600,192,115200]
[4,"机制砂","新民","m³",600,192,115200]
[5,"机制砂","美罗","m³",900,152,136800]
[6,"机制砂","草科","m³",600,208,124800]
[7,"机制砂","永和","m³",600,184,110400]
[8,"机制砂","丰乐","m³",600,152,91200]
[9,"机制砂","迎政","m³",600,152,91200]
[10,"碎石","新棉","m³",400,168,67200]
[11,"碎石","安顺场","m³",400,168,67200]
[12,"碎石","蟹螺","m³",400,184,73600]
[13,"碎石","新民","m³",400,184,73600]
[14,"碎石","美罗","m³",400,144,57600]
[15,"碎石","草科","m³",400,184,73600]
[16,"碎石","永和","m³",400,176,70400]
[17,"碎石","丰乐","m³",400,144,57600]
[18,"碎石","迎政","m³",400,144,57600]
[19,"自然砂","美罗","m³",500,165,82500]
[20,"细沙","美罗","m³",100,130,13000]
[{"$nulls":4},"控制价合计（元）",1689900,null,"税率：13%"]
[{"$nulls":4},"不含税总价（元）"]
[{"$nulls":4},"税率（%）"]
[{"$nulls":4},"含税总价"]
["注 ：该批材料用于石棉县，按照各项目地点报到场价； 材料单价为固定单价，合同期间不再调整单价，包含但不限于材料费、运输费、上下车费、税费、等费用，供货数量、时间和地点以甲方需求计划为准.合同清单采购数量为暂定数量，结算数量以甲乙双方验收合同的数量为准”\n\n                                                    \n\n                                                   \n                                                  "]